000 01196cam a22002653a 4500
001 1594
003 PGUSA
005 20140828083003.0
008 990101s1999||||xxu|||||s|||||000 p eng d
040 _aPGUSA
_beng
042 _adc
050 4 _aPN
100 1 _aLang, Andrew,
_d1844-1912
245 1 0 _aEssays in Little
_h[electronic resource] /
_cAndrew Lang
260 _bProject Gutenberg,
_c1999
505 0 _aAlexandre Dumas -- Mr. Stevenson's works -- Thomas Haynes Bayly -- Theodore de Banville -- Homer and the study of Greek -- The last fashionable novel -- Thackeray -- Dickens -- Adventures of Buccaneers -- The sagas -- Charles Kingsley -- Charles Lever: his books, adventures and misfortunes -- The poems of Sir Walter Scott -- John Bunyan -- Letter to a young journalist -- Mr. Kipling's stories
506 _aPublic domain in the USA.
516 _aElectronic text
653 _aEnglish literature -- 19th century -- History and criticism
653 _aLiterature -- History and criticism
700 1 _aAdams, W. H. Davenport
_q(William Henry Davenport),
_d1828-1891
830 0 _aProject Gutenberg
_v1594
856 4 0 _uhttp://www.gutenberg.org/ebooks/1594
942 _cEB
999 _c230942
_d230942